| 000 | 00996nam a22002297a 4500 | ||
|---|---|---|---|
| 005 | 20250513171528.0 | ||
| 008 | 250513b |||||||| |||| 00| 0 eng d | ||
| 020 | _a978-93-5229-680-4 (hbk) | ||
| 037 | _cTB | ||
| 040 |
_aCRL _cCRL |
||
| 041 |
_2hin _ahin |
||
| 084 |
_aO152,6N37x Q7 _qCRL |
||
| 100 |
_aसिंह, जय प्रकाश _9784289 |
||
| 245 |
_aमेरे पिता त्रिलोचन: _bएक एक स्मृतिलेख |
||
| 260 |
_aनयी दिल्ली, भारत: _bवाणी प्रकाशन, _c2017. |
||
| 300 | _a328पृ0 | ||
| 365 |
_b695.00 _cINR |
||
| 650 |
_aहिन्दी निबंध _9784290 |
||
| 650 |
_aहिन्दी साहित्य _9784291 |
||
| 942 |
_2CC _cTB _hO152,6N37x Q7 _n0 |
||
| 999 |
_c1400832 _d1400832 |
||